Propagation of radio waves (Record no. 55099)

MARC details
000 -LEADER
fixed length control field 00473nam a2200133 a 4500
008 - FIXED-LENGTH DATA ELEMENTS--GENERAL INFORMATION
fixed length control field 120416s1963 ||||||||||||||||| || u
050 ## - LIBRARY OF CONGRESS CALL NUMBER
Classification number TK 6563 Cha
100 ## - MAIN ENTRY--PERSONAL NAME
Personal name Chatterjee, Biswanath
245 10 - TITLE STATEMENT
Title Propagation of radio waves
260 ## - PUBLICATION, DISTRIBUTION, ETC.
Place of publication, distribution, etc. Bombay
Name of publisher, distributor, etc. Asia Publishing House
Date of publication, distribution, etc. 1963
300 ## - PHYSICAL DESCRIPTION
Extent (5), 115p.
350 ## - PRICE (NR) (BK AM CF MU VM SE) [OBSOLETE]
Price 0.00
995 ## - RECOMMENDATION 995 [LOCAL, UNIMARC FRANCE]
-- 0.00
-- CBU-MAIN LIBRARY (Kitwe)
-- 1
-- 1.40
-- WEEDED
-- Main Library Open Access Collection
Holdings
Withdrawn status Lost status Source of classification or shelving scheme Damaged status Not for loan Home library Current library Shelving location Date acquired Total Checkouts Full call number Barcode Date last seen Price effective from Koha item type
          CBU-MAIN LIBRARY, KITWE. CBU-MAIN LIBRARY, KITWE.   11/30/2022   TK 6563 Cha 017739 11/30/2022 11/30/2022 MONOGRAPH